000 00535nam a22002057a 4500
003 Ost
005 20250716144149.0
008 250716b |||||||| |||| 00| 0 eng d
020 _a9783662585801
040 _cBT-PhCST
050 _a25400-25403
082 _222
_a551.49
_bHOL
100 _aHolting, Bernward
245 _aHydrogeology /
260 _aGermany :
_bSpringer,
_cc2019.
300 _axxvii, 357 p. :
_bill. ;
_c28 cm.
500 _aIncludes references and index.
700 _aColdewey, Wilhelm G.
942 _2ddc
_cWRE
999 _c10030
_d10030